| 000 | 00655nam a2200217 a 4500 | ||
|---|---|---|---|
| 005 | 20210223122655.0 | ||
| 008 | 991125s1977 mx 000 0 spa u | ||
| 035 | _aUPN01000039584 | ||
| 049 | _aCE | ||
| 050 | 4 |
_aPN6053 _bC6.2 no.10 1977 |
|
| 100 | 1 |
_aFaulkner, William, _d1897-1962 _928507 |
|
| 245 | 1 | 0 |
_aMientras agonizo : _bnovela / _cWilliam Faulkner ; tr. Agustín Caballero Robredo. |
| 250 | _a2a ed. | ||
| 260 |
_aMéxico : _bAguilar, _c1977. |
||
| 300 | _a380 p. | ||
| 440 | 0 |
_aCrisol literario ; _v10 |
|
| 500 | _a"Premio Nobel de literatura 1949" | ||
| 500 | _aEdición de lujo de bolsillo | ||
| 650 | 4 | _aNOVELA AMERICANA | |
| 905 | _aLibro | ||
| 999 |
_c39584 _d39584 |
||